000 00503pab a2200181 454500
008 180718b2010 xxu||||| |||| 00| 0 eng d
100 _aPhatel, Karen
245 _aFrom ethnic boundaries to ethnic penalties: Urban economies and the Turkish second generation
260 _c2010
300 _ap.1824-1850.
362 _aAug
650 _aDiscrimination
650 _aEthnic discrimination
700 _aHeath, Anthony
773 _aAmerican Behavioral Scientist
908 _aN
909 _a89673
999 _c89673
_d89673